A call to Christian formation : (Record no. 9935)
[ view plain ]
| 000 -LEADER | |
|---|---|
| fixed length control field | 02483cam a2200409 i 4500 |
| 001 - CONTROL NUMBER | |
| control field | 1203957176 |
| 003 - CONTROL NUMBER IDENTIFIER | |
| control field | OCoLC |
| 005 - DATE AND TIME OF LATEST TRANSACTION | |
| control field | 20241126110722.0 |
| 008 - FIXED-LENGTH DATA ELEMENTS--GENERAL INFORMATION | |
| fixed length control field | 201117s2021 miu b 001 0 eng |
| 010 ## - | |
| -- | 2020051887 |
| 020 ## - INTERNATIONAL STANDARD BOOK NUMBER | |
| International Standard Book Number | 9781540960689 |
| 020 ## - INTERNATIONAL STANDARD BOOK NUMBER | |
| International Standard Book Number | 1540960684 |
| 020 ## - INTERNATIONAL STANDARD BOOK NUMBER | |
| International Standard Book Number | 9781540964243 |
| 020 ## - INTERNATIONAL STANDARD BOOK NUMBER | |
| International Standard Book Number | 1540964248 |
| 035 ## - SYSTEM CONTROL NUMBER | |
| System control number | (OCoLC)1203957176 |
| 040 ## - CATALOGING SOURCE | |
| Original cataloging agency | DLC |
| Language of cataloging | eng |
| Description conventions | rda |
| Transcribing agency | DLC |
| Modifying agency | YDX |
| -- | OCLCF |
| -- | OCLCO |
| -- | UKMGB |
| -- | KAT |
| -- | BBW |
| -- | OCLCQ |
| -- | LNT |
| -- | NOW |
| -- | BBW |
| -- | BDX |
| -- | BBW |
| -- | PTS |
| -- | YDX |
| -- | WIO |
| -- | ATH |
| 042 ## - | |
| -- | pcc |
| 050 00 - | |
| -- | BR118 |
| -- | .C48 2021 |
| 050 00 - | |
| -- | BR118 |
| -- | .C48 2021 |
| 082 ## - DEWEY DECIMAL CLASSIFICATION NUMBER | |
| Classification number | 230 |
| Item number | CLA |
| 100 1# - MAIN ENTRY--PERSONAL NAME | |
| Personal name | Clark, John C., |
| Dates associated with a name | 1970- |
| Relator term | author. |
| 9 (RLIN) | 17268 |
| 245 12 - TITLE STATEMENT | |
| Title | A call to Christian formation : |
| Remainder of title | how theology makes sense of our world / |
| Statement of responsibility, etc. | John C. Clark and Marcus Peter Johnson. |
| 264 #1 - PRODUCTION, PUBLICATION, DISTRIBUTION, MANUFACTURE, AND COPYRIGHT NOTICE | |
| Place of production, publication, distribution, manufacture | Grand Rapids, Michigan : |
| Name of producer, publisher, distributor, manufacturer | Baker Academic, a division of Baker Publishing Group, |
| Date of production, publication, distribution, manufacture, or copyright notice | [2021] |
| 300 ## - PHYSICAL DESCRIPTION | |
| Extent | xiii, 208 pages ; |
| Dimensions | 23 cm |
| 336 ## - CONTENT TYPE | |
| Content type term | text |
| Content type code | txt |
| Source | rdacontent |
| 337 ## - MEDIA TYPE | |
| Media type term | unmediated |
| Media type code | n |
| Source | rdamedia |
| 338 ## - CARRIER TYPE | |
| Carrier type term | volume |
| Carrier type code | nc |
| Source | rdacarrier |
| 504 ## - BIBLIOGRAPHY, ETC. NOTE | |
| Bibliography, etc. note | Includes bibliographical references and indexes. |
| 505 00 - FORMATTED CONTENTS NOTE | |
| Miscellaneous information | Introduction: |
| Title | Theology: Formed by Christ the Lord -- |
| -- | Jesus Christ: The Lord and Logos of Christian Theology -- |
| -- | Father, Son, and Holy Spirit: The Triune Shape of Christian Theology -- |
| -- | Body of Christ: The Ecclesial Context of Christian Theology -- |
| -- | Holy and Profane Worship: The Liturgical Cadence of Christian Theology -- |
| -- | Postulate of Paradox: The Mysterious Nature of Christian Theology -- |
| -- | Living Forward, Understanding Backward: The Eschatological Tension of Christian Theology -- |
| Miscellaneous information | Conclusion: |
| Title | Six Theses on the Character of Christian Theology. |
| 520 ## - SUMMARY, ETC. | |
| Summary, etc. | This book shows that theology is both integrally related to formation in Jesus Christ and shapes our understanding of the world. Christian formation is incomplete and impossible without theological formation, because Christ transforms our hearts and minds, attuning them to the reality of God. As the authors explore the deep connections between theology and the life of the Christian, they emphasize Christian formation as a defining feature of the church, arguing that theology must be integrally connected to the church's traditions and practices. |
| 650 #0 - SUBJECT ADDED ENTRY--TOPICAL TERM | |
| Topical term or geographic name entry element | Theology. |
| 9 (RLIN) | 631 |
| 650 #0 - SUBJECT ADDED ENTRY--TOPICAL TERM | |
| Topical term or geographic name entry element | Theology, Doctrinal. |
| 9 (RLIN) | 14 |
| 650 #0 - SUBJECT ADDED ENTRY--TOPICAL TERM | |
| Topical term or geographic name entry element | Christian philosophy. |
| 9 (RLIN) | 12128 |
| 700 1# - ADDED ENTRY--PERSONAL NAME | |
| Personal name | Johnson, Marcus Peter, |
| Dates associated with a name | 1971- |
| Relator term | author. |
| 9 (RLIN) | 17269 |
| 776 08 - ADDITIONAL PHYSICAL FORM ENTRY | |
| Relationship information | Ebook version : |
| International Standard Book Number | 9781493430680 |
| 942 ## - ADDED ENTRY ELEMENTS (KOHA) | |
| Source of classification or shelving scheme | Dewey Decimal Classification |
| Koha item type | Books |
| Withdrawn status | Lost status | Source of classification or shelving scheme | Damaged status | Not for loan | Home library | Current Library | Shelving location | Date acquired | Total checkouts | Full call number | Barcode | Date last seen | Copy number | Price effective from | Koha item type |
|---|---|---|---|---|---|---|---|---|---|---|---|---|---|---|---|
| Dewey Decimal Classification | GRACE BIBLE COLLEGE | GRACE BIBLE COLLEGE | Theology | 2023-09-18 | 230 CLA | 020551 | 2025-05-01 | c.1 | 2023-09-18 | Books | |||||
| Dewey Decimal Classification | GRACE BIBLE COLLEGE | GRACE BIBLE COLLEGE | Theology | 2023-09-18 | 230 CLA | 020552 | 2025-05-01 | c.2 | 2023-09-18 | Books |